000
00197nam a2200097Ia 4500
008
240331s9999 xx 000 0 und d
082
_b
SEL
100
_a
Sellathurai, A
245
0
_a
Veedu
942
_c
L
999
_c
3723
_d
3723